Evropská unie je environmentálně uvažujícím společenstvím
Environmentálna politika a presadzovanie jednotnej politiky ochrany životného prostredia ako prioritná oblasť Európskej únie. Realizácia programu ISPA pre kandidujúce krajiny. Nástroje na presadzovanie politiky ochrany životného prostredia.
Na minha lista:
| Autor principal: | |
|---|---|
| Formato: | Capítulo de Livro |
| Idioma: | tcheco |
| Assuntos: | |
| Tags: |
Sem tags, seja o primeiro a adicionar uma tag!
|
MARC
| LEADER | 00000naa a2200000 4500 | ||
|---|---|---|---|
| 001 | r040972 | ||
| 005 | 20230927121132.6 | ||
| 041 | 0 | |a cze | |
| 044 | |a CZ | ||
| 245 | 1 | 0 | |a Evropská unie je environmentálně uvažujícím společenstvím |c Tomáš Veselý |
| 520 | |a Environmentálna politika a presadzovanie jednotnej politiky ochrany životného prostredia ako prioritná oblasť Európskej únie. Realizácia programu ISPA pre kandidujúce krajiny. Nástroje na presadzovanie politiky ochrany životného prostredia. | ||
| 610 | 2 | 0 | |a ochrana prostredia životného |
| 610 | 2 | 0 | |a Európska únia |
| 610 | 2 | 0 | |a aproximácia práva |
| 610 | 2 | 0 | |a environmentalistika |
| 610 | 2 | 0 | |a politika environmentálna |
| 610 | 2 | 0 | |a Česko |
| 610 | 2 | 0 | |a programy rozvojové |
| 100 | 1 | |a Veselý, Tomáš | |